Macro Economics / (Record no. 529609)

000 -LEADER
fixed length control field 00342nam a22001457a 4500
003 - CONTROL NUMBER IDENTIFIER
control field NUST
020 ## - INTERNATIONAL STANDARD BOOK NUMBER
International Standard Book Number 007470883X
Qualifying information P/B.
038 ## - RECORD CONTENT LICENSOR
Staff Name waseem
082 ## - DEWEY DECIMAL CLASSIFICATION NUMBER
Classification number 339
Author Mark JAC
100 ## - MAIN ENTRY--PERSONAL NAME
Personal name Mclver, Jackson
9 (RLIN) 21938
245 ## - TITLE STATEMENT
Title Macro Economics /
Statement of responsibility, etc. Jackson Mclver
260 ## - PUBLICATION, DISTRIBUTION, ETC.
Place of publication, distribution, etc. New York :
Name of publisher, distributor, etc. McGraw Hill,
Date of publication, distribution, etc. 2002.
300 ## - PHYSICAL DESCRIPTION
Extent 670 p. ;
942 ## - ADDED ENTRY ELEMENTS (KOHA)
Source of classification or shelving scheme
Koha item type Book
Holdings
Withdrawn status Lost status Source of classification or shelving scheme Damaged status Not for loan Permanent Location Current Location Date acquired Total Checkouts Full call number Barcode Date last seen Price effective from Koha item type
          Central Library (CL) Central Library (CL) 09/29/2019   339 JAC NBSD-3011 09/29/2019 09/29/2019 Book
© 2023 Central Library, National University of Sciences and Technology. All Rights Reserved.